[Event "BLR-ch"]
[Site "Minsk"]
[Date "2002.02.18"]
[Round "3"]
[White "Lutsko, Igor"]
[Black "Zhigalko, Sergei"]
[Result "1-0"]
[WhiteElo "2378"]
[BlackElo "2316"]
[PlyCount "53"]
[EventDate "2002.02.??"]
[EventType "tourn"]
[EventRounds "11"]
[EventCountry "BLR"]
[SourceTitle "EXT 2004"]
[Source "ChessBase"]
[SourceDate "2003.11.25"]
[SourceVersion "1"]
[SourceVersionDate "2003.11.25"]
[SourceQuality "1"]

1. Nf3 d5 2. b3 Nf6 3. Bb2 e6 4. e3 Bd6 5. d4 O-O 6. Nbd2 b6 7. Ne5 Bb7 8. f4 c5 9. Bd3 Nc6 10. a3 Ne7 11. Qf3 Qc7 12. dxc5 bxc5 13. Qh3 Ng6 14. Bxg6 hxg6 15. O-O Rad8 16. Nef3 Nh7 17. Be5 Qe7 18. Bxd6 Rxd6 19. Ne5 Nf6 20. Qh4 d4 21. e4 Re8 22. Rae1 Nd5 23. Qh3 Ne3 24. Ndf3 Nxf1 25. Rxf1 Qf6 26. Ng5 Ba6 27. Nexf7 1-0

[Event "BLR-ch"]
[Site "Minsk"]
[Date "2002.02.19"]
[Round "4"]
[White "Zhigalko, Sergei"]
[Black "Litvinov, Vladimir"]
[Result "1/2-1/2"]
[WhiteElo "2316"]
[BlackElo "2408"]
[PlyCount "28"]
[EventDate "2002.02.??"]
[EventType "tourn"]
[EventRounds "11"]
[EventCountry "BLR"]
[SourceTitle "EXT 2004"]
[Source "ChessBase"]
[SourceDate "2003.11.25"]
[SourceVersion "1"]
[SourceVersionDate "2003.11.25"]
[SourceQuality "1"]

1. e4 e5 2. Nf3 Nc6 3. d4 exd4 4. Nxd4 Nf6 5. Nxc6 bxc6 6. e5 Qe7 7. Qe2 Nd5 8. c4 Ba6 9. b3 f6 10. exf6 Nxf6 11. Ba3 Qxe2+ 12. Bxe2 O-O-O 13. O-O d5 14. Bxf8 Rhxf8 1/2-1/2

[Event "BLR-ch"]
[Site "Minsk"]
[Date "2002.02.20"]
[Round "5"]
[White "Kochetkov, Vitali"]
[Black "Zhigalko, Sergei"]
[Result "1-0"]
[WhiteElo "2340"]
[BlackElo "2316"]
[PlyCount "123"]
[EventDate "2002.02.??"]
[EventType "tourn"]
[EventRounds "11"]
[EventCountry "BLR"]
[SourceTitle "EXT 2004"]
[Source "ChessBase"]
[SourceDate "2003.11.25"]
[SourceVersion "1"]
[SourceVersionDate "2003.11.25"]
[SourceQuality "1"]

1. c4 e6 2. Nf3 d5 3. b3 Nf6 4. Bb2 Be7 5. e3 O-O 6. Be2 c5 7. O-O b6 8. d4 Nbd7 9. Nbd2 Bb7 10. Rc1 Rc8 11. a3 a6 12. dxc5 Nxc5 13. b4 Ncd7 14. cxd5 Nxd5 15. Nc4 a5 16. b5 Nc5 17. Qc2 Ba8 18. Rfd1 Qc7 19. Be5 Qa7 20. h4 f6 21. Bb2 Rfd8 22. Nd4 Bf8 23. Bf3 e5 24. Nc6 Bxc6 25. bxc6 Nc7 26. a4 N7a6 27. Na3 Nb4 28. Qc4+ Qf7 29. Rxd8 Rxd8 30. c7 Rc8 31. Nb5 Qxc4 32. Rxc4 Nba6 33. Bg4 Rxc7 34. Nxc7 Nxc7 35. Ba3 Kf7 36. Rc1 Nd5 37. Bd1 Nb4 38. Rb1 Ne4 39. Bb3+ Ke8 40. Rd1 Nc3 41. Ra1 Bc5 42. Bb2 Ne4 43. Rd1 Nd6 44. Kf1 Kd7 45. g4 Kc6 46. g5 b5 47. h5 h6 48. gxh6 gxh6 49. Ke2 Nc4 50. Bc1 Nb6 51. axb5+ Kxb5 52. Bf7 Nc4 53. Rd8 Nd6 54. Be6 Nc6 55. Bd7 Kb6 56. Rh8 a4 57. Rxh6 a3 58. Bxa3 Bxa3 59. Bxc6 Kxc6 60. Rxf6 e4 61. h6 Bb2 62. Rf8 1-0

[Event "BLR-ch"]
[Site "Minsk"]
[Date "2002.02.22"]
[Round "7"]
[White "Zhigalko, Sergei"]
[Black "Azarov, Sergei Nikolaevich"]
[Result "0-1"]
[WhiteElo "2316"]
[BlackElo "2505"]
[PlyCount "44"]
[EventDate "2002.02.??"]
[EventType "tourn"]
[EventRounds "11"]
[EventCountry "BLR"]
[SourceTitle "EXT 2004"]
[Source "ChessBase"]
[SourceDate "2003.11.25"]
[SourceVersion "1"]
[SourceVersionDate "2003.11.25"]
[SourceQuality "1"]

1. e4 e5 2. Nf3 Nc6 3. d4 exd4 4. Nxd4 Bc5 5. Nxc6 Qf6 6. Qd2 bxc6 7. Bd3 Ne7 8. O-O O-O 9. Nc3 Ng6 10. Kh1 Ne5 11. Be2 d6 12. Na4 Bb6 13. Nxb6 axb6 14. f4 Ng6 15. c3 c5 16. Qc2 Bb7 17. Bf3 Qe7 18. Bd2 Nh4 19. c4 f5 20. Rae1 Nxf3 21. gxf3 fxe4 22. fxe4 Rae8 0-1

[Event "BLR-ch"]
[Site "Minsk"]
[Date "2002.02.23"]
[Round "8"]
[White "Dydyshko, Viacheslav"]
[Black "Zhigalko, Sergei"]
[Result "1-0"]
[WhiteElo "2526"]
[BlackElo "2316"]
[PlyCount "53"]
[EventDate "2002.02.??"]
[EventType "tourn"]
[EventRounds "11"]
[EventCountry "BLR"]
[SourceTitle "EXT 2004"]
[Source "ChessBase"]
[SourceDate "2003.11.25"]
[SourceVersion "1"]
[SourceVersionDate "2003.11.25"]
[SourceQuality "1"]

1. d4 d5 2. c4 dxc4 3. Nf3 Nf6 4. e3 e6 5. Bxc4 c5 6. O-O a6 7. dxc5 Bxc5 8. Qxd8+ Kxd8 9. Nbd2 Ke7 10. Be2 Bd7 11. b3 Bc6 12. Ne5 Bd5 13. Nd3 Bd6 14. f3 Nbd7 15. e4 Bc6 16. Nc4 Bc7 17. Ba3+ Kd8 18. Rfd1 Kc8 19. Nd6+ Bxd6 20. Bxd6 Ne8 21. Bg3 f6 22. Nb4 e5 23. Rac1 Kc7 24. Rc2 a5 25. Nd5+ Kb8 26. Ne7 Kc7 27. Bb5 1-0

[Event "BLR-ch"]
[Site "Minsk"]
[Date "2002.02.24"]
[Round "9"]
[White "Zhigalko, Sergei"]
[Black "Alekseev, Vadim"]
[Result "0-1"]
[WhiteElo "2316"]
[BlackElo "2389"]
[PlyCount "120"]
[EventDate "2002.02.??"]
[EventType "tourn"]
[EventRounds "11"]
[EventCountry "BLR"]
[SourceTitle "EXT 2004"]
[Source "ChessBase"]
[SourceDate "2003.11.25"]
[SourceVersion "1"]
[SourceVersionDate "2003.11.25"]
[SourceQuality "1"]

1. e4 e6 2. d4 d5 3. e5 c5 4. c3 Qb6 5. Nf3 Bd7 6. a3 Bb5 7. c4 Bxc4 8. Bxc4 dxc4 9. Nbd2 Qa6 10. Qe2 Nc6 11. dxc5 Bxc5 12. Qxc4 Qxc4 13. Nxc4 Rd8 14. b4 b5 15. Be3 Bxe3 16. Nxe3 Nge7 17. Rc1 Rd3 18. a4 bxa4 19. b5 Nd4 20. Nxd4 Rxd4 21. Ke2 Kd7 22. Rhd1 Rxd1 23. Rxd1+ Kc7 24. Ra1 Kb6 25. Rxa4 Nc8 26. Rb4 Rd8 27. Rc4 h5 28. Rc6+ Kxb5 29. Rc7 Rf8 30. Nc4 Kb4 31. Kd3 Rd8+ 32. Kc2 a5 33. Nd2 Rf8 34. Rb7+ Kc5 35. Nb3+ Kd5 36. Rb5+ Ke4 37. Nxa5 Ne7 38. Nc4 Nd5 39. Kd2 Kd4 40. Ne3 Kxe5 41. Nxd5 exd5 42. Rb7 g5 43. Ke3 f6 44. g3 Ra8 45. Re7+ Kf5 46. Rh7 Ra3+ 47. Ke2 Ra2+ 48. Kf1 d4 49. Re7 d3 50. Re1 Rc2 51. h3 d2 52. Rd1 Rc1 53. Ke2 Rxd1 54. Kxd1 Ke4 55. Kxd2 Kf3 56. Ke1 Kg2 57. h4 gxh4 58. gxh4 f5 59. Ke2 f4 60. f3 Kg3 0-1

[Event "BLR-ch"]
[Site "Minsk"]
[Date "2002.02.25"]
[Round "10"]
[White "Novitzkij, Dmitrij"]
[Black "Zhigalko, Sergei"]
[Result "1/2-1/2"]
[WhiteElo "2429"]
[BlackElo "2316"]
[PlyCount "89"]
[EventDate "2002.02.??"]
[EventType "tourn"]
[EventRounds "11"]
[EventCountry "BLR"]
[SourceTitle "EXT 2004"]
[Source "ChessBase"]
[SourceDate "2003.11.25"]
[SourceVersion "1"]
[SourceVersionDate "2003.11.25"]
[SourceQuality "1"]

1. e4 c5 2. Nc3 Nc6 3. g3 g6 4. d3 Bg7 5. Bg2 d6 6. f4 e6 7. Nf3 Nge7 8. O-O O-O 9. Be3 Rb8 10. Rb1 Nd4 11. Ne2 Nxf3+ 12. Bxf3 b6 13. c3 Bb7 14. b4 Qd7 15. a4 cxb4 16. cxb4 d5 17. e5 Nf5 18. Bf2 d4 19. Bxb7 Rxb7 20. g4 Ne3 21. Bxe3 dxe3 22. d4 Rd8 23. Qb3 Bf8 24. b5 Rc7 25. Qxe3 Rc4 26. Ra1 Rxd4 27. Nxd4 Bc5 28. Kg2 Bxd4 29. Qd2 Bxa1 30. Qxd7 Rxd7 31. Rxa1 Rd3 32. h3 Kg7 33. Rc1 Rd4 34. Rc7 Rxa4 35. f5 gxf5 36. gxf5 exf5 37. e6 Kf6 38. exf7 Kg7 39. Kf3 Kf8 40. Rb7 h5 41. Rc7 h4 42. Rb7 Ra3+ 43. Kf4 Rxh3 44. Kxf5 Kg7 45. Kg4 1/2-1/2

[Event "BLR-ch"]
[Site "Minsk"]
[Date "2002.02.26"]
[Round "11"]
[White "Zhigalko, Sergei"]
[Black "Ratkovich, Igor"]
[Result "1-0"]
[WhiteElo "2316"]
[BlackElo "2413"]
[PlyCount "119"]
[EventDate "2002.02.??"]
[EventType "tourn"]
[EventRounds "11"]
[EventCountry "BLR"]
[SourceTitle "EXT 2004"]
[Source "ChessBase"]
[SourceDate "2003.11.25"]
[SourceVersion "1"]
[SourceVersionDate "2003.11.25"]
[SourceQuality "1"]

1. e4 g6 2. d4 Bg7 3. Be3 c6 4. Nc3 d5 5. Nf3 dxe4 6. Nxe4 Nd7 7. Bc4 Nb6 8. Bb3 Nd5 9. Bd2 Ngf6 10. Nxf6+ Nxf6 11. O-O O-O 12. Re1 e6 13. a4 Qc7 14. a5 Rd8 15. Qc1 Nh5 16. Bg5 Re8 17. Re4 Qd6 18. c4 Qf8 19. Qe1 h6 20. Bd2 Nf6 21. Bb4 Qxb4 22. Qxb4 Nxe4 23. Re1 Bf8 24. Qa4 Nf6 25. h3 Rd8 26. c5 a6 27. Qb4 Bd7 28. Bc4 Rab8 29. Qb6 Be8 30. Qc7 Rdc8 31. Qh2 Kh7 32. Re3 Be7 33. Rb3 Bd8 34. Qf4 Kg7 35. Qd2 Bc7 36. Rd3 Bd7 37. g3 Rf8 38. Qb4 Rfd8 39. Kg2 Nh7 40. Qc3 f6 41. Re3 Nf8 42. Nd2 Re8 43. Ne4 Nh7 44. Qb4 Ng5 45. Nc3 Nf7 46. Na4 Nd8 47. Nb6 Bxb6 48. Qxb6 Rc8 49. f4 f5 50. g4 Kf7 51. Kf3 Re7 52. Re2 Be8 53. Qb3 Rcc7 54. Qe3 Kg7 55. Qe5+ Kh7 56. Qf6 fxg4+ 57. hxg4 Bf7 58. Rh2 Bg8 59. Bd3 Rg7 60. Rxh6+ 1-0

[Event "Moscow Youth Games U14"]
[Site "Moscow"]
[Date "2002.06.19"]
[Round "2"]
[White "Zhigalko, Sergei"]
[Black "Chadaev, Nikolay"]
[Result "1-0"]
[WhiteElo "2322"]
[BlackElo "2218"]
[PlyCount "65"]
[EventDate "2002.06.18"]
[EventType "swiss"]
[EventRounds "7"]
[EventCountry "RUS"]
[SourceTitle "CBM 088 Extra"]
[Source "ChessBase"]
[SourceDate "2002.07.01"]
[SourceVersion "2"]
[SourceVersionDate "2002.07.01"]
[SourceQuality "1"]

1. e4 d5 2. exd5 Qxd5 3. Nc3 Qa5 4. d4 Nf6 5. Nf3 c6 6. Bc4 Bg4 7. h3 Bxf3 8. Qxf3 e6 9. O-O Bd6 10. Ne4 Nxe4 11. Qxe4 O-O 12. Bxe6 Na6 13. Bb3 Rae8 14. Qf3 Bb8 15. c3 Kh8 16. Bd2 c5 17. Rae1 Qc7 18. g3 Rxe1 19. Rxe1 Qd7 20. h4 f6 21. Be6 Qc7 22. Qh5 g6 23. Qf3 Qg7 24. Bd5 b6 25. Bc4 Nc7 26. dxc5 bxc5 27. Qc6 g5 28. hxg5 fxg5 29. Qxc5 h6 30. Be3 Ne8 31. Bd4 Nf6 32. Re7 Qg6 33. Bd3 1-0

[Event "Moscow Youth Games U14"]
[Site "Moscow"]
[Date "2002.06.20"]
[Round "3"]
[White "Lanin, Alexsej"]
[Black "Zhigalko, Sergei"]
[Result "1-0"]
[WhiteElo "2222"]
[BlackElo "2322"]
[PlyCount "129"]
[EventDate "2002.06.18"]
[EventType "swiss"]
[EventRounds "7"]
[EventCountry "RUS"]
[SourceTitle "CBM 088 Extra"]
[Source "ChessBase"]
[SourceDate "2002.07.01"]
[SourceVersion "2"]
[SourceVersionDate "2002.07.01"]
[SourceQuality "1"]

1. e4 c5 2. Nf3 Nc6 3. d4 cxd4 4. Nxd4 Nf6 5. Nc3 e5 6. Ndb5 d6 7. Bg5 a6 8. Na3 b5 9. Bxf6 gxf6 10. Nd5 Bg7 11. c3 f5 12. exf5 Bxf5 13. Nc2 O-O 14. Nce3 Be6 15. Bd3 f5 16. Qh5 e4 17. Bc2 Ne7 18. Bb3 Nxd5 19. Nxd5 Ra7 20. O-O Be5 21. f3 exf3 22. Rxf3 Rg7 23. Raf1 Qc8 24. Rxf5 Rxf5 25. Qxf5 Qc5+ 26. Qf2 Rf7 27. Qxc5 Rxf1+ 28. Kxf1 dxc5 29. Nf6+ Bxf6 30. Bxe6+ Kf8 31. Ke2 Ke7 32. Bc8 a5 33. Ba6 b4 34. Kd3 Kd6 35. Kc4 h6 36. Bb7 Bg5 37. Kb5 Bd8 38. c4 Bc7 39. b3 Bd8 40. Bd5 Bc7 41. Ka6 Bd8 42. Kb5 Bc7 43. Bf3 Bd8 44. g3 Bc7 45. Be2 Bd8 46. Bd1 Bc7 47. Bf3 Bd8 48. h4 Bc7 49. Be2 Bd8 50. Bd1 Bc7 51. g4 Bd8 52. g5 hxg5 53. h5 Bf6 54. h6 Bh8 55. h7 Bf6 56. Kxa5 Ke5 57. Kb5 Kd4 58. Kc6 Be5 59. Bh5 Bf6 60. Kd6 Bg7 61. Ke6 Bh8 62. Kf5 Kc3 63. Kxg5 Kb2 64. Be8 Kxa2 65. Ba4 1-0

[Event "Moscow Youth Games U14"]
[Site "Moscow"]
[Date "2002.06.21"]
[Round "4"]
[White "Zhigalko, Sergei"]
[Black "Kirillov, Evgeniy"]
[Result "1-0"]
[WhiteElo "2322"]
[BlackElo "2175"]
[PlyCount "71"]
[EventDate "2002.06.18"]
[EventType "swiss"]
[EventRounds "7"]
[EventCountry "RUS"]
[SourceTitle "CBM 088 Extra"]
[Source "ChessBase"]
[SourceDate "2002.07.01"]
[SourceVersion "2"]
[SourceVersionDate "2002.07.01"]
[SourceQuality "1"]

1. e4 e6 2. d4 d5 3. e5 c5 4. c3 Qb6 5. Nf3 Nc6 6. a3 Nge7 7. b4 c4 8. a4 Bd7 9. Be2 f6 10. Na3 Ng6 11. exf6 gxf6 12. O-O O-O-O 13. Be3 Qc7 14. Qd2 Nce7 15. Bd1 Nf5 16. Bc2 Bd6 17. Nb5 Bxb5 18. axb5 Nfh4 19. Qe2 Rdg8 20. g3 Kb8 21. Kh1 Nxf3 22. Qxf3 f5 23. Bh6 Ne7 24. Rfe1 Rg6 25. Qh5 Nc8 26. Re2 Qf7 27. Rae1 Qf6 28. Rxe6 Qxe6 29. Rxe6 Rxe6 30. Bxf5 Re1+ 31. Kg2 Ne7 32. Bd2 Ra1 33. Be6 Ra2 34. Qh6 Kc7 35. Bf4 Bxf4 36. Qxf4+ 1-0

[Event "Moscow Youth Games U14"]
[Site "Moscow"]
[Date "2002.06.22"]
[Round "5"]
[White "Popov, Ivan1"]
[Black "Zhigalko, Sergei"]
[Result "1-0"]
[WhiteElo "2244"]
[BlackElo "2322"]
[PlyCount "141"]
[EventDate "2002.06.18"]
[EventType "swiss"]
[EventRounds "7"]
[EventCountry "RUS"]
[SourceTitle "CBM 088 Extra"]
[Source "ChessBase"]
[SourceDate "2002.07.01"]
[SourceVersion "2"]
[SourceVersionDate "2002.07.01"]
[SourceQuality "1"]

1. d4 d5 2. Nf3 Nf6 3. Bg5 Ne4 4. Bf4 c5 5. e3 Qb6 6. Qc1 Nc6 7. c3 Bf5 8. Nh4 Bd7 9. f3 Nf6 10. g4 Rc8 11. Qd2 h6 12. Ng2 g5 13. Bg3 h5 14. gxh5 Bf5 15. Na3 e6 16. Nb5 Nxh5 17. Nd6+ Bxd6 18. Bxd6 Nxd4 19. exd4 Qxd6 20. O-O-O Nf4 21. dxc5 Qxc5 22. Nxf4 gxf4 23. Qxf4 Qa5 24. Qe5 Rh5 25. Rg1 Bg6 26. Qf6 Rf5 27. Qh8+ Kd7 28. Qg7 Kd6 29. Bd3 Qxa2 30. Rxg6 Qa1+ 31. Bb1 fxg6 32. Qxb7 Rff8 33. Qb4+ Kc6 34. Re1 Rce8 35. c4 Qa6 36. Bxg6 Qxc4+ 37. Qxc4+ dxc4 38. Bxe8+ Rxe8 39. h4 Kd5 40. h5 Rf8 41. Rh1 Rxf3 42. h6 Rf8 43. h7 Rh8 44. Kd2 Ke4 45. Kc3 Kf3 46. Kd4 Kf4 47. Kxc4 e5 48. Kd3 Kf3 49. Rf1+ Kg4 50. Rf7 a5 51. Ke4 Kg5 52. Kxe5 Kg6 53. Ra7 Rd8 54. b3 Kh6 55. Ke6 Kg6 56. Rd7 Ra8 57. Kd6 Kf5 58. Kc6 Ra6+ 59. Kb5 Rh6 60. Kxa5 Ke6 61. Rb7 Kd5 62. Kb5 Kd4 63. b4 Rh5+ 64. Ka6 Kc4 65. b5 Kb4 66. Rg7 Rh6+ 67. b6 Kc5 68. Ka7 Kb5 69. b7 Ra6+ 70. Kb8 Rh6 71. Kc8 1-0

[Event "Moscow Youth Games U14"]
[Site "Moscow"]
[Date "2002.06.24"]
[Round "7"]
[White "Vicol, Dorian"]
[Black "Zhigalko, Sergei"]
[Result "0-1"]
[WhiteElo "2254"]
[BlackElo "2322"]
[PlyCount "112"]
[EventDate "2002.06.18"]
[EventType "swiss"]
[EventRounds "7"]
[EventCountry "RUS"]
[SourceTitle "CBM 088 Extra"]
[Source "ChessBase"]
[SourceDate "2002.07.01"]
[SourceVersion "2"]
[SourceVersionDate "2002.07.01"]
[SourceQuality "1"]

1. e4 c5 2. Nf3 Nc6 3. d4 cxd4 4. Nxd4 Nf6 5. Nc3 e5 6. Ndb5 d6 7. Bg5 a6 8. Na3 b5 9. Nd5 Be7 10. Bxf6 Bxf6 11. c3 O-O 12. Nc2 Bg5 13. a4 bxa4 14. Rxa4 a5 15. Bb5 Bb7 16. O-O Ne7 17. Bc4 Bc6 18. Ra2 Rb8 19. Re1 Kh8 20. Nxe7 Qxe7 21. Bd5 Qc7 22. Ne3 Bd7 23. Qc2 g6 24. b3 Rb5 25. Kh1 Rc5 26. Nc4 a4 27. bxa4 Rxd5 28. exd5 Qxc4 29. a5 Ra8 30. Qb2 Qxd5 31. a6 Bc6 32. f3 Be3 33. Raa1 Bc5 34. Red1 Qc4 35. a7 Kg7 36. Qa2 Qxc3 37. Rdc1 Qe3 38. Qc2 Bd5 39. Re1 Rxa7 40. Rac1 Qb3 41. Qxb3 Bxb3 42. h4 h5 43. Rb1 Be6 44. Rb2 Ra2 45. Rxa2 Bxa2 46. Kh2 Be6 47. g3 Kf6 48. Re2 d5 49. Kg2 d4 50. f4 exf4 51. Rf2 Bd5+ 52. Kh3 f3 53. g4 hxg4+ 54. Kh2 d3 55. Rd2 f2 56. Rd1 Bd6# 0-1

[Event "Pardubice Telecom op"]
[Site "Pardubice"]
[Date "2002.??.??"]
[Round "5.4"]
[White "Zhigalko, Sergei"]
[Black "Rogovskoy, Alexander"]
[Result "1/2-1/2"]
[WhiteElo "2315"]
[BlackElo "2287"]
[PlyCount "220"]
[EventDate "2002.07.??"]
[EventType "swiss"]
[EventRounds "9"]
[EventCountry "CZE"]
[SourceTitle "EXT 2003"]
[Source "ChessBase"]
[SourceDate "2002.11.25"]
[SourceVersion "1"]
[SourceVersionDate "2002.11.25"]
[SourceQuality "1"]

1. e4 c5 2. c3 e6 3. d4 cxd4 4. cxd4 d5 5. e5 Nc6 6. Nf3 Nge7 7. a3 Nf5 8. b4 Bd7 9. Bb2 Be7 10. Bd3 Qb6 11. Bxf5 exf5 12. O-O Be6 13. Nc3 O-O 14. Qd3 Rac8 15. Rac1 Qd8 16. Ne2 Qd7 17. h4 Nb8 18. Nc3 Rc6 19. Qe3 h6 20. g3 Rfc8 21. Rfd1 Qd8 22. Na4 Rxc1 23. Rxc1 Rxc1+ 24. Qxc1 Nd7 25. Ne1 Nb6 26. Nxb6 Qxb6 27. Nd3 g5 28. hxg5 hxg5 29. Qc3 Qb5 30. Nc5 Bxc5 31. dxc5 Qe2 32. Bc1 Qd1+ 33. Kh2 d4 34. Qd2 Qh5+ 35. Kg1 f4 36. Qxd4 Bg4 37. Qd8+ Kh7 38. Qd3+ Kg7 39. f3 Bxf3 40. Kf2 fxg3+ 41. Kxg3 Qg4+ 42. Kf2 Qg2+ 43. Ke3 Bd5 44. Qe2 Qxe2+ 45. Kxe2 Kg6 46. Kf2 Bc6 47. Kg3 Kf5 48. Bd2 a6 49. Bc1 Ba4 50. Bd2 Bd1 51. Bc1 g4 52. Bb2 Bb3 53. Bc3 Bc2 54. Bb2 Bd1 55. Bc3 Ke4 56. Bb2 Kd3 57. Bc1 Kc3 58. Kf2 Kc2 59. Be3 Kb2 60. Kg3 Kxa3 61. Bd2 Kb3 62. Kf2 Kc2 63. Be1 Kd3 64. Kg3 Bf3 65. Kf4 Bd1 66. Bh4 Kd2 67. Bg3 Be2 68. Bh4 Kc2 69. Bg3 Kb3 70. Be1 Bd1 71. Kg3 Kc4 72. Kf4 Kd4 73. Bh4 Bf3 74. Bf2+ Kd3 75. Bh4 Ke2 76. Bg3 Kd2 77. Bh4 Bd1 78. Bg3 Kd3 79. Bh4 Be2 80. Bg3 Bd1 81. Bh4 Kc4 82. Be1 Kd4 83. Bh4 Kc4 84. Be1 Bf3 85. Kg3 Be2 86. Kf4 Bd1 87. Kg3 Kd3 88. Kf4 Kd4 89. Bf2+ Kc4 90. Be1 Kd3 91. Bh4 Kd2 92. Bg3 Bf3 93. Bh4 Ke2 94. Bg3 Kf1 95. Bh4 Kg2 96. Be1 Kh3 97. Bf2 Bd5 98. Be1 Be6 99. Bf2 Kg2 100. Bh4 Kf1 101. Bg3 Ke2 102. Bh4 Kd2 103. Bg3 Bd7 104. Bh4 Kd3 105. Bg3 Kc4 106. Be1 Be6 107. Kg3 Kb3 108. Kf4 Kc2 109. Bh4 Kc3 110. Be1+ Kd3 1/2-1/2

[Event "Pardubice Telecom op"]
[Site "Pardubice"]
[Date "2002.??.??"]
[Round "6.4"]
[White "Kovalev, Andrei"]
[Black "Zhigalko, Sergei"]
[Result "1-0"]
[WhiteElo "2542"]
[BlackElo "2315"]
[PlyCount "43"]
[EventDate "2002.07.??"]
[EventType "swiss"]
[EventRounds "9"]
[EventCountry "CZE"]
[SourceTitle "EXT 2003"]
[Source "ChessBase"]
[SourceDate "2002.11.25"]
[SourceVersion "1"]
[SourceVersionDate "2002.11.25"]
[SourceQuality "1"]

1. e4 c5 2. Nf3 Nc6 3. Bb5 g6 4. Bxc6 dxc6 5. d3 Bg7 6. h3 e5 7. Nc3 Ne7 8. Be3 b6 9. Qd2 h6 10. Ne2 f5 11. Qc3 O-O 12. Nxe5 fxe4 13. dxe4 Kh7 14. f4 g5 15. Qc4 gxf4 16. Bxf4 Rxf4 17. Nxf4 Bxe5 18. Qf7+ Bg7 19. O-O Qd4+ 20. Kh1 Ng8 21. Rad1 Qxb2 22. Rd8 1-0

[Event "Wch U14"]
[Site "Heraklion"]
[Date "2002.11.16"]
[Round "2"]
[White "Bilegt, Batkhorol"]
[Black "Zhigalko, Sergei"]
[Result "0-1"]
[WhiteElo "2101"]
[BlackElo "2300"]
[PlyCount "90"]
[EventDate "2002.11.15"]
[EventType "swiss"]
[EventRounds "11"]
[EventCountry "GRE"]
[SourceTitle "CBM 091 Extra"]
[Source "ChessBase"]
[SourceDate "2003.01.09"]
[SourceVersion "1"]
[SourceVersionDate "2003.01.09"]
[SourceQuality "1"]

1. e4 c5 2. Nf3 Nc6 3. d4 cxd4 4. Nxd4 Nf6 5. Nc3 e5 6. Ndb5 d6 7. Bg5 a6 8. Na3 b5 9. Nd5 Be7 10. Bxf6 Bxf6 11. Nxf6+ Qxf6 12. c4 O-O 13. cxb5 Nd4 14. Nc2 axb5 15. Nxd4 exd4 16. Bd3 Qg5 17. O-O Bb7 18. Qc1 Qg6 19. f3 d5 20. Bxb5 dxe4 21. fxe4 Bxe4 22. Qd2 Rfc8 23. Rac1 h6 24. a4 d3 25. Rc3 Rxc3 26. bxc3 Rc8 27. c4 Rc5 28. a5 Bxg2 29. Qxg2 Rg5 30. Rf2 Rxg2+ 31. Rxg2 d2 32. Ba4 Qb1+ 33. Kf2 Qe1+ 34. Kf3 d1=Q+ 35. Bxd1 Qxd1+ 36. Ke3 Qe1+ 37. Kd4 Qa1+ 38. Kd3 Qxa5 39. Rc2 Qc5 40. Rb2 Qa3+ 41. Kc2 f5 42. Rb3 Qc5 43. Kc3 f4 44. Rb5 Qe3+ 45. Kb4 f3 0-1

[Event "Wch U14"]
[Site "Heraklion"]
[Date "2002.11.17"]
[Round "3"]
[White "Zhigalko, Sergei"]
[Black "Fier, Alexandr"]
[Result "1/2-1/2"]
[WhiteElo "2300"]
[BlackElo "2205"]
[PlyCount "96"]
[EventDate "2002.11.15"]
[EventType "swiss"]
[EventRounds "11"]
[EventCountry "GRE"]
[SourceTitle "CBM 091 Extra"]
[Source "ChessBase"]
[SourceDate "2003.01.09"]
[SourceVersion "1"]
[SourceVersionDate "2003.01.09"]
[SourceQuality "1"]

1. e4 Nf6 2. e5 Nd5 3. d4 d6 4. c4 Nb6 5. exd6 exd6 6. Nc3 Be7 7. Nf3 O-O 8. Be2 Nc6 9. d5 Ne5 10. Nxe5 dxe5 11. O-O Bc5 12. Ne4 Bd4 13. Nd2 Re8 14. Nb3 Qf6 15. Nxd4 exd4 16. Bd3 Bd7 17. b3 c5 18. Ba3 Rac8 19. Qd2 Bf5 20. Bxf5 Qxf5 21. Qa5 Nd7 22. Rae1 d3 23. Qd2 b5 24. Re3 bxc4 25. bxc4 Rxe3 26. Qxe3 h5 27. h3 Ne5 28. Rc1 a6 29. d6 Qe6 30. Bxc5 d2 31. Qxd2 Rxc5 32. Re1 Qxc4 33. d7 Nxd7 34. Qxd7 Qxa2 35. Re8+ Kh7 36. Qd3+ f5 37. Qd8 Qd5 38. Rh8+ Kg6 39. Qe8+ Qf7 40. Qe3 Rd5 41. Qe2 Rd6 42. Qxh5+ Kf6 43. Qh4+ Ke6 44. Rc8 Qe7 45. Qc4+ Kf6 46. Qh4+ Ke6 47. Qh5 Kf6 48. Qh4+ Ke6 1/2-1/2

[Event "Wch U14"]
[Site "Heraklion"]
[Date "2002.11.21"]
[Round "7"]
[White "Zhigalko, Sergei"]
[Black "Sanikidze, Tornike"]
[Result "1-0"]
[WhiteElo "2300"]
[BlackElo "2115"]
[PlyCount "89"]
[EventDate "2002.11.15"]
[EventType "swiss"]
[EventRounds "11"]
[EventCountry "GRE"]
[SourceTitle "CBM 091 Extra"]
[Source "ChessBase"]
[SourceDate "2003.01.09"]
[SourceVersion "1"]
[SourceVersionDate "2003.01.09"]
[SourceQuality "1"]

1. e4 e5 2. Nf3 Nc6 3. d4 exd4 4. Nxd4 Bb4+ 5. c3 Be7 6. Bd3 d6 7. O-O Nf6 8. Nd2 O-O 9. f4 Nd7 10. Bc2 Bf6 11. N2f3 Re8 12. Re1 Qe7 13. Be3 Qf8 14. Bf2 g6 15. Kh1 Nb6 16. e5 dxe5 17. Nxc6 bxc6 18. Nxe5 Bb7 19. Qf3 Rad8 20. Bb3 Nd5 21. Bxa7 c5 22. c4 Ra8 23. Nd7 Rxe1+ 24. Rxe1 Qc8 25. cxd5 Qxd7 26. Bxc5 Re8 27. Rxe8+ Qxe8 28. Qe3 Qd7 29. Bd4 Bxd4 30. Qxd4 Qf5 31. h3 h5 32. Kh2 h4 33. Qe5 Qd3 34. Qg5 c6 35. dxc6 Bxc6 36. Qxh4 Qd2 37. Qg3 Be4 38. a4 Qxb2 39. a5 Qe2 40. Qg4 Qb5 41. Qc8+ Kh7 42. Qc4 Qxc4 43. Bxc4 Kg7 44. a6 f5 45. Be2 1-0

[Event "Wch U14"]
[Site "Heraklion"]
[Date "2002.11.22"]
[Round "9"]
[White "Zhigalko, Sergei"]
[Black "Romanov, Evgeny"]
[Result "1/2-1/2"]
[WhiteElo "2300"]
[BlackElo "2318"]
[PlyCount "95"]
[EventDate "2002.11.15"]
[EventType "swiss"]
[EventRounds "11"]
[EventCountry "GRE"]
[SourceTitle "CBM 091 Extra"]
[Source "ChessBase"]
[SourceDate "2003.01.09"]
[SourceVersion "1"]
[SourceVersionDate "2003.01.09"]
[SourceQuality "1"]

1. e4 e5 2. Nf3 Nc6 3. d4 exd4 4. Nxd4 Bc5 5. Nxc6 Qf6 6. Qd2 dxc6 7. Nc3 Ne7 8. Qf4 Qe6 9. Qxc7 O-O 10. Qg3 f5 11. e5 b5 12. f4 Rd8 13. Be2 Nd5 14. Qd3 Qe7 15. Nxd5 Rxd5 16. Qg3 Be6 17. a3 Rd4 18. Bd3 b4 19. axb4 Rxb4 20. Be3 Rxb2 21. O-O Bxe3+ 22. Qxe3 a5 23. Ra4 Rb4 24. Rfa1 Rxa4 25. Rxa4 Qb7 26. Qc5 Qa7 27. Qxa7 Rxa7 28. Kf2 c5 29. Bb5 Kf8 30. Ke3 Ke7 31. Kd3 Kd8 32. Kc3 Kc7 33. Ra1 Ra8 34. Bc4 Bd7 35. Bd5 Bc6 36. Kc4 Rd8 37. Bxc6 Kxc6 38. c3 Rd2 39. Rxa5 Rxg2 40. Rxc5+ Kd7 41. Ra5 Rxh2 42. Kc5 Rf2 43. c4 h5 44. Ra7+ Ke6 45. Ra6+ Ke7 46. Ra7+ Ke6 47. Ra6+ Ke7 48. Ra7+ 1/2-1/2